| 000 | 03665cam a2200433 i 4500 | ||
|---|---|---|---|
| 001 | 991107178460806196 | ||
| 005 | 20260306130928.0 | ||
| 008 | 220416s2022 nyu e b 001 0deng | ||
| 010 | _a 2022000863 | ||
| 015 |
_aGBC258613 _2bnb |
||
| 016 | 7 |
_a020543348 _2Uk |
|
| 020 |
_a9780593242537 _q(hardcover) |
||
| 020 |
_a059324253X _q(hardcover) |
||
| 020 |
_a9780593242551 _q(paperback) |
||
| 020 |
_z9780593242544 _q(ebook) |
||
| 035 |
_a(OCoLC)1311591831 _z(OCoLC)1273479915 _z(OCoLC)1273673527 _z(OCoLC)1297037040 _z(OCoLC)1302898723 _z(OCoLC)1308411931 _z(OCoLC)1309382540 _z(OCoLC)1313942729 _z(OCoLC)1329352909 |
||
| 035 | _a(OCoLC)on1311591831 | ||
| 037 |
_bRandom House Inc, Attn Order Entry 400 Hahn rd, Westminster, MD, USA, 21157 _nSAN 201-3975 |
||
| 040 |
_aLBSOR/DLC _beng _erda _cDLC _dOCLCO _dCNWPU _dYDX _dUKMGB _dBDX _dOCLCF _dLJW _dRNL _dIEP _dOCO _dZGR _dVP@ _dUAP _dKYL _dJYJ _dTXSCH _dCaOTV |
||
| 041 | _aEnglish | ||
| 042 | _apcc | ||
| 043 | _an-us--- | ||
| 050 | 0 | 0 |
_aBF723.R3 _bK46 2022 |
| 100 |
_aKendi, Ibram X., _eauthor. _1https://id.oclc.org/worldcat/entity/E39PBJmTpJfkcdxqFHwmd4Cfbd _926666 |
||
| 245 | 1 | 0 |
_aHow to raise an antiracist _c/ Ibram X. Kendi. |
| 250 | _aFirst edition. | ||
| 264 | 1 |
_aNew York : _bOne World, an imprint of Random House, _c[2022] |
|
| 300 |
_axxiii, 259 pages ; _c21 cm |
||
| 504 | _aIncludes bibliographical references (pages [187]-244) and index. | ||
| 505 | _aPregnancy -- Baby -- Toddler -- Preschooler -- Kindergartner -- First Grader -- Second Grader -- Third Grader -- Fourth Grader -- Fifth Grader -- Middle Schooler -- High Schooler -- College Student -- Adult Child. | ||
| 520 |
_a"The tragedies and reckonings around racism that have rocked the country have created a specific crisis for parents and other caregivers: how do we talk to our children about it? How do we guide our children to avoid repeating our racist history? While we work to dismantle racist behaviors in ourselves and the world around us, how do we raise our children to be antiracists? After he wrote the National Book Award-winning Stamped from the Beginning, readers asked Ibram Kendi, "How can I be antiracist?" After the bestsellers How to Be an Antiracist and Antiracist Baby, readers began asking: "How do I raise an antiracist child?" Dr. Kendi had been pondering the same ever since he became a teacher--but the question became more personal and urgent when he found out his partner, Sadiqa, was pregnant. Like many parents, he didn't know how to answer the question--and wasn't sure he wanted to. He didn't want to educate his child on antiracism; he wanted to shield her from the toxicity of racism altogether. But research and experience helped him realize that antiracism has to be taught and modeled as early as possible--not just to armor our children against the racism still indoctrinated and normalized in their world, but to remind adults to build a more just future for us all. Following the model of his bestselling How to Be an Antiracist, Kendi combines vital scholarship with a compelling personal narrative of his own journey as a parent to create a work whose advice is grounded in research and relatable real-world experience. The chapters follow the stages of child development and don't just help parents to raise antiracists, but also to create an antiracist world for them to grow and thrive in."-- _cProvided by publisher. |
||
| 600 | 0 |
_aKendi, Ibram X., _xFamily. _926666 |
|
| 650 | 0 |
_aRace awareness in children _926667 |
|
| 650 | 0 |
_aAnti-racism _926668 |
|
| 650 | 0 |
_aChild rearing _926669 |
|
| 650 | 0 |
_aAfrican American fathers - Biography _v. |
|
| 650 | 0 |
_aParenting _926671 |
|
| 942 | _2lcc | ||
| 999 |
_c5396 _d5396 |
||